Многокритериальная оценка и выбор альтернатив на основе нечетких множеств; Технологии Microsoft в теории и практике программирования

Бібліографічні деталі
Parent link:Технологии Microsoft в теории и практике программирования.— 2012.— [С. 67-69]
Автор: Глот К. Ю.
Співавтор: Национальный исследовательский Томский политехнический университет (ТПУ) Институт кибернетики (ИК) Кафедра прикладной математики (ПМ)
Інші автори: Гергет О. М. Ольга Михайловна
Резюме:Заглавие с титульного листа.
An approach to a complex estimation of a condition of the dynamic systems, based on algorithm of indistinct sets is presented, allowing to receive qualitatively new scientific and practical conclusions essentially accelerating and facilitating work of the medical personnel in an estimation of a state of children's health in the early neonatal period. The comparative analysis used for an estimation of a condition of methods is carried out.
Мова:Російська
Опубліковано: 2012
Серія:Математическое моделирование и технологии высокопроизводительных вычислений
Предмети:
Онлайн доступ:http://www.lib.tpu.ru/fulltext/c/2012/C28/022.pdf
Формат: Електронний ресурс Частина з книги
KOHA link:https://koha.lib.tpu.ru/cgi-bin/koha/opac-detail.pl?biblionumber=611349

MARC

LEADER 00000naa2a2200000 4500
001 611349
005 20251126141757.0
035 |a (RuTPU)RU\TPU\conf\9091 
035 |a RU\TPU\conf\9089 
090 |a 611349 
100 |a 20150305d2012 k y0rusy50 ca 
101 0 |a rus 
102 |a RU 
105 |a y z 100zy 
135 |a drgn ---uucaa 
181 0 |a i  
182 0 |a b 
200 1 |a Многокритериальная оценка и выбор альтернатив на основе нечетких множеств  |f К. Ю. Глот, О. М. Гергет 
203 |a Текст  |c электронный 
215 |a 1 файл (482 Кб) 
225 1 |a Математическое моделирование и технологии высокопроизводительных вычислений 
300 |a Заглавие с титульного листа. 
320 |a [Библиогр.: с. 69 (2 назв.)] 
330 |a An approach to a complex estimation of a condition of the dynamic systems, based on algorithm of indistinct sets is presented, allowing to receive qualitatively new scientific and practical conclusions essentially accelerating and facilitating work of the medical personnel in an estimation of a state of children's health in the early neonatal period. The comparative analysis used for an estimation of a condition of methods is carried out. 
337 |a Adobe Reader 
463 1 |0 (RuTPU)RU\TPU\conf\61  |t Технологии Microsoft в теории и практике программирования  |o сборник трудов IX Всероссийской научно-практической конференции студентов, аспирантов и молодых ученых, 21-22 марта 2012 г., г.Томск  |f Национальный исследовательский Томский политехнический университет (ТПУ), Институт кибернетики ; отв. ред. А. Р. Вахитов  |v [С. 67-69]  |d 2012 
610 1 |a электронный ресурс 
610 1 |a труды учёных ТПУ 
610 1 |a многокритериальная оценка 
610 1 |a альтернативы 
610 1 |a нечеткие множества 
610 1 |a математическое моделирование 
610 1 |a многокритериальная оценка 
610 1 |a анализ 
610 1 |a выбор 
700 1 |a Глот  |b К. Ю. 
701 1 |a Гергет  |b О. М.  |c специалист в области информатики и вычислительной техники  |c профессор Томского политехнического университета, доктор наук  |f 1974-  |g Ольга Михайловна  |3 (RuTPU)RU\TPU\pers\28996  |9 13717 
712 0 2 |a Национальный исследовательский Томский политехнический университет (ТПУ)  |b Институт кибернетики (ИК)  |b Кафедра прикладной математики (ПМ)  |3 (RuTPU)RU\TPU\col\18700 
801 2 |a RU  |b 63413507  |c 20150306  |g RCR 
856 4 |u http://www.lib.tpu.ru/fulltext/c/2012/C28/022.pdf 
942 |c BK